00509nam a2200205 a 4500001001300000003000900013005001700022008004100039020001000080082001500090100001500105245002300120260003900143300000900182500003500191505001000226650003100236700001400267700002200281nice12345678IN_TiNIC20260116011447.0050524s1935 lona grp 000 0 eng  ac10000a274.9bRAU aRauws, Joh aNetherlands Indies aLondonbWorld Dominion Pressc1935 a186p aincludes index and biblioraphy2 aIndex aChurch-History Netherlands1 aH Kraemer1 aF J F Van Hasselt